000 00672nam a2200253Ia 4500
003 OSt
005 20220924122548.0
006 a|||||r|||| 00| 0
007 ta
008 220923b |||||||| |||| 00| 0 urd d
024 _a322066
037 _cTextual
040 _aARTS
_cARTS
_burd
041 _2urd
_aurd
082 _aR4, 168C8
100 _aQidwai Ahmad Musheer Hussain Au.
_9189936
245 0 _aMusheer
260 _aLuckhnow
_bMunshi Roshan Lal India
_c1898
300 _a77p.
_ccm.
650 _a PHILOSOPHY
650 _aETHICS
942 _hR4, 168C8
_cTEXL
_2CC
999 _c412154
_d412154